000 00579nam a2200205Ia 4500
005 20250923144808.0
008 008 250917s9999 xx 000 0 eng d
037 _aTextual
040 _aDSWL
_beng
_cDSWL
041 _aeng
_2eng
084 _aY1:1:12.73.N5z7, K0
_qDSWL
100 _aBell, Daniel
_9828511
245 4 _aThe end of Ideology
_cby Daniel Bell
260 _aGlencoe
_bFreePress of Glencoe
_c1960
300 _a416p.
365 _aUSD
_b7.5
925 _g7.5
942 _cTEXL
_hY1:1:12.73.N5z7, K0
999 _c1443446
_d1443446